000 00281nam a22001217a 4500
008 170313b xxu||||| |||| 00| 0 eng d
041 _aeng
080 _a591
100 _a7
101 _aSHM
245 _aLABORATORY ANIMAL MANAGEMENT WILD BIRDS
_cCHAIRMAN.J.R,K
942 _2udc
_cBK
999 _c7644
_d7644